000 00590nam a2200205 a 4500
001 63460
003 BD-RjUL
005 20211209081211.0
008 170130s1934 fr ||||| |||| 00| 0 eng d
035 _a(BD-RjUL)63589
040 _aBD-RjUL
_beng
_cBD-RjUL
_dBD-RjUL
041 _aeng
082 _223
_a843.912
_bCHC 1934
100 _aChevallier Gabriel
_9188766
245 1 0 _aClochemerle /
_cGabriel Chevallier
260 _aParis :
_bPresses universitaires de France
_c©1934
300 _a434 p. ;
_c24 cm.
650 _aFrench literature -- 20th century.
_9188767
942 _2ddc
_cBK
999 _c63460
_d63460